000 00227 a2200109 4500
003 Nust
005 20170207154233.0
040 _cNust
082 _a371.33
245 _aWonder Boys (VHS-263)
440 _aWonder Boys (VHS-263)
538 _aDuration 132 Mins
999 _c196007
_d196007